Catalogue de livres anciens la plupart imprimés par les Aldes et les Elzevirs (Record no. 162253)

MARC details
000 -LEADER
campo de control de longitud fija 00695nam a2200157 i 4500
001 - NÚMERO DE CONTROL
campo de control 162253
003 - IDENTIFICADOR DE NÚMERO DE CONTROL
campo de control ES-MaACL
005 - FECHA Y HORA DE LA ÚLTIMA TRANSACCIÓN
campo de control 20230906212449.0
008 - DATOS DE LONGITUD FIJA--INFORMACIÓN GENERAL
campo de control de longitud fija 160426q18701899fr c |||| | fre d
245 00 - MENCIÓN DEL TÍTULO
Título Catalogue de livres anciens la plupart imprimés par les Aldes et les Elzevirs
Resto del título : livres a figures, etc.
260 ## - PUBLICACIÓN, DISTRIBUCIÓN, ETC.
Lugar de publicación, distribución, etc. [S.l. :
Nombre del editor, distribuidor, etc. s.n.,
Fecha de publicación, distribución, etc. 187?] (
Lugar de fabricación/manufactura Paris :
Fabricante Typ. George Chamerot)
300 ## - DESCRIPCIÓN FÍSICA
Extensión 46 p. ;
Dimensiones 23 cm.
594 ## - Nota al título y mención de responsabilidad
Nota al título y mención de responsabilidad Tít. tomado de principio del texto, ejemplar sin portada.
650 #4 - PUNTO DE ACCESO ADICIONAL DE MATERIA--TÉRMINO DE MATERIA
Término de materia o nombre geográfico como elemento de entrada Libros raros-
Subdivisión de forma Bibliografías.
9 (RLIN) 136416
852 ## - LOCALIZACIÓN
Ubicación ES-MaACL
Número de control de estantería T-206-F-1
Nota libre - Enc. en un vol. facticio, falto de cub. original
-- - Sello de "Libreria Estrangera y Nacional de C. Bailly Bailliere
Holdings
Estatus retirado Estado de pérdida Estado de daño No para préstamo Colección Biblioteca de origen Biblioteca actual Ubicación en estantería Fecha de adquisición Fuente de adquisición Total de préstamos Signatura topográfica completa Código de barras Visto por última vez Precio de reemplazo Tipo de ítem Koha
        Colección de folletos Biblioteca del Ateneo de Madrid Biblioteca del Ateneo de Madrid Depósito folletos 26/04/2016     T-206-F-1 1195162 23/02/2023 23/02/2023 Folleto